000 01207nam a22002777a 4500
003 OSt
005 20240606133154.0
007 cr ||||||a|c|a
008 221031s2021 mx a|||fom||| 001 0 spa d
040 _erda
100 _9185578
_aEcahua Castillo, José Ramiro
245 1 _aCaracterización de la agricultura en el Municipio de Santo Domingo Tomaltepec, Oaxaca /
_cpor José Ramiro Ecahua Castillo; Director de Tesis Quetzalcóatl Orozco Ramírez.
264 _aChapingo, México :
_bEl autor,
_c2021.
300 _a1 recurso en línea (77 páginas):
_bfiguras, cuadros.
336 _2rdacontent
_atexto
_btxt
337 _2rdamedia
_acomputadora
_bc
338 _2rdacarrier
_arecurso en línea
_bcr
502 _bIAg
_cAgroecología
_d2021.
_gLIC
504 _aIncluye referencias bibliográficas: páginas 65-71.
650 0 _9184980
_a1.Agricultura
_xPlaneacion
_zOaxaca
650 2 _9135100
_aMaíz criollo
_xCultivo
_zOaxaca
650 7 _93887
_aAlfalfa
_xRendimiento
700 0 _983696
_aOrozco Ramírez, Quetzalcóatl
_eDirector de Tesis.
856 _uhttp://10.13.5.2/tesis/tl/2021_AG_Ecahua_Castillo_JoseRamiro.pdf
_zDESCARGAR PDF
942 _2Clasificación Universidad Autónoma Chapingo
_cTD
999 _c217696
_d217696